[Event "Corus"]
[Site "Wijk aan Zee"]
[Date "2001.01.27"]
[Round "12"]
[White "Van Wely, Loek"]
[Black "Kasparov, Garry"]
[Result "1/2-1/2"]
[WhiteElo "2700"]
[BlackElo "2849"]
[Annotator "Dautov,R"]
[PlyCount "85"]
[EventDate "2001.01.13"]
[EventType "tourn"]
[EventRounds "13"]
[EventCountry "NED"]
[EventCategory "19"]
[SourceTitle "CBM 081"]
[Source "ChessBase"]
[SourceDate "2001.03.20"]
[SourceVersion "1"]
[SourceVersionDate "2001.03.20"]
[SourceQuality "1"]

1. d4 Nf6 2. c4 e6 3. Nf3 d5 4. Nc3 Be7 5. Bf4 O-O 6. e3 c5 7. dxc5 Bxc5 8.
cxd5 Nxd5 9. Nxd5 exd5 10. a3 Nc6 11. Bd3 Bb6 12. O-O Bg4 13. h3 Bh5 14. b4 Re8
15. Rc1 a6 $1 {In letzter Zeit hatte Schwarz einige Probleme in dieser
populären Variante, deswegen war es besonders interessant zu erfahren, welchen
Weg zum Ausgleich Kasparov gefunden hatte. Schwarz sichert zuerst seinen
Springer auf c6 und bereitet den thematischen Vorstoß d5-d4 vor.
Interessanterweise wurde der Textzug bisher nur in zwei Partien gespielt.
Weder 15..a5 noch 15...d4 konnte bisher überzeugen.} (15... a5 16. g4 Bg6 17.
Bxg6 hxg6 18. b5 Na7 (18... Ne7 19. a4 $14) 19. Qd3 Qd7 20. Rfd1 Rad8 21. Bg5
f6 22. Qxg6 Qe6 23. Bf4 Nxb5 24. Rb1 Nc3 25. Rxb6 Qxb6 26. Ng5 $18 {Lputian,
S-Geller,E/New York 1990}) (15... d4 16. g4 Bg6 17. Bxg6 hxg6 18. b5 dxe3 $2 (
18... Ne7 $142 19. exd4 $14) 19. bxc6 e2 20. Qxd8 exf1=Q+ 21. Kxf1 Raxd8 22.
cxb7 a6 23. Nd2 $1 $18 {Dautov,R-Nielsen, P_H/BL 9900}) 16. g4 {Prinzipiell
gespielt.} ({Wenig erfolgversprechend sieht das verhaltene} 16. Rc2 {aus. 
(Weiß plant 17.Be2 und 18.Rd2).} d4 $1 17. e4 Bc7 (17... Qf6 18. Bh2 $13) 18.
Bxc7 Qxc7 19. Rc5 {, und jetzt nicht der Verlustzug 19...Re5?, sondern} Bxf3 $1
(19... Re5 $2 20. Rxc6 bxc6 21. g4 $16 {Lugovoi,A-Klimov,S/St Petersburg 1995})
20. Qxf3 Qe7 $132 {, und dank der Drohungen 20...Ne5 und 20...a5 gleicht der
Schwarze mühelos aus.}) 16... Bg6 17. Bxg6 hxg6 18. Rc3 $146 {Ein neuer
Versuch.} ({M.E. steht Weiß nach} 18. Qd3 d4 19. e4 {(1/2-1/2 Speelman,
J-Geller,E/London 1982) immer noch einen Tick besser.}) 18... d4 $1 {
Selbstverständlich opfert Kasparov gerne den Isolani für Initiative.} (18...
Qd7 19. Rd3 Rad8 20. Qb3 $14) 19. Rd3 (19. exd4 Nxd4 20. Nxd4 Qxd4 21. Qxd4
Bxd4 22. Rc7 b5 $11) 19... Qd5 $1 (19... Re4 20. Nd2 Re6 21. Nc4 $14) 20. exd4
(20. Nxd4 Bxd4 (20... Nxd4 21. exd4 Rad8 22. Be3 $14) 21. exd4 Re4 22. Be3 Rd8
$44 {/\Ne5}) 20... Re4 (20... Rad8 $5 21. Re1 Rxe1+ 22. Qxe1 Bxd4 {/\Bxf2} (
22... Nxd4 $2 23. Nxd4 Bxd4 24. Be3 $18) 23. Kg2 (23. Kh2 f6) 23... f6 24. Qd1
Qe4 25. Be3 Bb6 26. Rxd8+ Bxd8 $11) 21. Be3 Rd8 22. Re1 f6 {Schwarz hat eine
hervorragende Kompensation für den Bauern. Angesicht der weiteren Ressource
f6-f5-f4 sollte Weiß vorsichtig agieren.} 23. Kg2 (23. Qb3 Qxb3 24. Rxb3 Bxd4
$11) 23... f5 24. gxf5 gxf5 25. Qb3 Qxb3 26. Rxb3 f4 27. d5 $1 (27. Bd2 Rxe1
28. Bxe1 Nxd4 29. Nxd4 (29. Rd3 Nc2 $15) 29... Rxd4 $15) 27... fxe3 28. dxc6
Re6 $1 29. fxe3 (29. cxb7 $2 Rg6+ 30. Kh1 exf2 $15 31. Rc1 Rb8 32. Rc8+ $2 Kh7
33. Rxb8 $2 Rg1+ 34. Kh2 f1=N#) 29... Rxc6 30. Kf2 (30. Ne5 Rc2+ 31. Kf3 Rf8+
32. Ke4 Re8 $44) 30... Rf8 {Die schwarzen Türme sind zu aktiv, als daß Weiß
seine Stellung konsolidieren konnte.} 31. Ke2 Rc2+ 32. Nd2 Rd8 33. Rd3 Ra2 34.
Rxd8+ Bxd8 35. Rc1 Bf6 36. Rc7 $11 b5 37. Rc6 Rxa3 38. Ne4 Be7 39. Nc5 a5 40.
Rb6 axb4 41. Rxb5 Ra2+ 42. Kd3 Rh2 43. Na6 1/2-1/2

[Event "Najdorf Memorial 12th"]
[Site "Buenos Aires"]
[Date "2001.09.05"]
[Round "2"]
[White "Karpov, Anatoly"]
[Black "Short, Nigel D"]
[Result "1/2-1/2"]
[WhiteElo "2692"]
[BlackElo "2664"]
[Annotator "Dautov,R"]
[PlyCount "64"]
[EventDate "2001.09.04"]
[EventType "tourn"]
[EventRounds "9"]
[EventCountry "ARG"]
[EventCategory "14"]
[SourceTitle "CBM 085"]
[Source "ChessBase"]
[SourceDate "2001.11.13"]
[SourceVersion "1"]
[SourceVersionDate "2001.11.13"]
[SourceQuality "1"]

1. d4 Nf6 2. c4 e6 3. Nf3 d5 4. Nc3 Be7 5. Bf4 O-O 6. e3 c5 7. dxc5 Bxc5 8.
cxd5 Nxd5 9. Nxd5 exd5 10. a3 Bd6 $5 {Fast eine Neuerung- dieser Zug wurde
bisher nur einmal gespielt. Short vermeidet damit die Variante 10...Nc6 11.Bd3
Bd6 12.Qa4!, die in seiner Partie gegen Dreev vorkam.} (10... Nc6 11. Bd3 Bd6
12. Qa4 h6 13. O-O Be6 14. Rad1 Rc8 15. Rd2 Bxf4 16. Qxf4 g5 $132 {Dreev,
A-Short,N/Beijing 2000}) 11. Bxd6 ({Harmlos wirkt} 11. Bg3 Bg4 12. Bd3 h6 13.
Qa4 Bxf3 14. gxf3 Nc6 15. Rg1 Qf6 16. Bxd6 Qxd6 17. Rg3 Ne5 $13 {Arencibia,
W-Diaz,J/Holguin 1991}) (11. Qa4 $2 {wäre hier ein Fehler.} Bd7 12. Qd4 Nc6 13.
Qxd5 Bxf4 14. exf4 Re8+ 15. Be2 Qe7 $17) 11... Qxd6 12. Be2 {Als eine kleine
Entschädigung kann Weiß seinen Läufer auf e2 entwickeln. Aber steht er dort
wirklich besser?} (12. Bd3 {führte mit Zugumstellung zu bekannten
Stellungsbildern :} Nc6 13. O-O Qf6 (13... Bg4 $2 14. Bxh7+) 14. Qb3 Rd8 15.
Rac1 Rb8 16. Rfd1 Bg4 17. Be2 $14 {Sokolov,A-Mozny,M/Germany 1993}) 12... Nc6
13. O-O Bg4 {Nun ist dieser Zug ohne Vorbereitung möglich.} 14. Qa4 (14. Qb3 $6
{bringt Weiß nichts wegen} d4 $1 15. Rad1 Qe7) 14... Bxf3 15. Bxf3 Ne5 16. Be2
Qb6 17. Rab1 {Zu passiv gespielt. Schwarz gleicht nun mühelos aus.} ({In Frage
kam} 17. Qb4 $5 Qe6 (17... Qxb4 18. axb4 a6 19. Rfd1 Rfd8 20. Ra5 $16) 18. Rfd1
$14) 17... Rfd8 18. Rfd1 Rac8 19. h3 g6 20. Rd2 Nc4 21. Rd3 (21. Bxc4 dxc4 (
21... Rxc4 22. Qd1 Qc6 $14) 22. Rxd8+ Qxd8 23. Qxa7 Qd3 24. Rf1 b5 $44) 21...
Nxb2 $11 22. Qd4 Rc2 23. Bf3 Qxd4 24. Rxd4 b6 25. Bxd5 Rdc8 26. g4 h6 27. h4
Kg7 28. g5 hxg5 29. hxg5 R8c5 30. Be4 Rc1+ 31. Rxc1 Rxc1+ 32. Kg2 Rc4 1/2-1/2

[Event "WchT 6th"]
[Site "Beersheba"]
[Date "2005.11.03"]
[Round "3.1"]
[White "Bu, Xiangzhi"]
[Black "Bruzon Batista, Lazaro"]
[Result "1-0"]
[WhiteElo "2637"]
[BlackElo "2677"]
[Annotator "Dautov,R"]
[PlyCount "81"]
[EventDate "2005.11.01"]
[EventType "team-tourn"]
[EventRounds "9"]
[EventCountry "ISR"]
[SourceTitle "CBM 110"]
[Source "ChessBase"]
[SourceDate "2006.01.31"]
[SourceVersion "1"]
[SourceVersionDate "2006.01.31"]
[SourceQuality "1"]
[WhiteTeam "China"]
[BlackTeam "Cuba"]
[WhiteTeamCountry "CHN"]
[BlackTeamCountry "CUB"]

1. Nf3 d5 2. c4 e6 3. d4 Nf6 4. Nc3 Be7 5. Bf4 c5 6. dxc5 Na6 {Eine solide
Variante, die bisher noch nicht sehr viel Theorie einschließt.} 7. cxd5 Nxd5 8.
Nxd5 exd5 9. e3 Nxc5 10. Bb5+ (10. Be5 $5 O-O 11. Be2 Be6 12. O-O Rc8 13. Rc1
Qd7 14. Nd4 a6 15. Nxe6 fxe6 16. Qd4 Bd6 17. Bxd6 Qxd6 18. Rfd1 Nd7 19. Rxc8
Rxc8 20. e4 $14 {Ftacnik,L-Boensch,U/Jenbach 2004}) 10... Bd7 11. Bxd7+ Qxd7
12. O-O O-O 13. Qe2 {Die Praxis hat gezeigt, dass Weiß sich hier schwer tut,
aus dem gegnerischen Isolani Kapital zu schlagen.} (13. Be5 Rac8 14. Rc1 (14.
Bd4 a6 15. Rc1 Ne4 16. Qd3 Rxc1 17. Rxc1 Rc8 18. Rxc8+ Qxc8 19. Qd1 {Atalik,
S-Zvjaginsev,V/Istanbul 2003} f6 $11) 14... a6 15. h3 Rfd8 16. Qe2 Ne4 17. Rfd1
Rxc1 18. Rxc1 Rc8 $11 {Aleksandrov,A (2679)-Zvjaginsev,V (2654)/Poikovsky 2004}
) 13... Rac8 (13... Rfd8 14. Rfd1 Rac8 15. Be5 Ne4 $1 16. Rac1 Qa4 $132) (13...
Bf6 $6 14. Be5 Bxe5 15. Nxe5 Qc7 16. Nf3 Rac8 17. Rfd1 Rfd8 18. Nd4 $14 {
Bielicki,C-Darga,K/Havana 1964}) 14. Be5 a6 15. Bd4 Ne4 16. Ne5 Qf5 17. Rac1
Rxc1 18. Rxc1 Rc8 19. Rxc8+ Qxc8 20. Nd3 Bf6 {Bruzon setzt die Abtauschaktion
fort. Nach dem Läufertausch wird sein Isolani gut geschützt sein, andererseits
wird Schwarz kein aktives Gegenspiel haben. In Frage kam deswegen 20...Bd6, um
das Springermanöver Ne4-g5-e6 vorzubereiten.} (20... Bd6 $5) 21. Bxf6 (21. f3
Bxd4 22. exd4 Nf6 23. Nc5 h5 $11) 21... Nxf6 22. Qd2 h6 ({Besser war es, sofort
} 22... h5 $1 {zu ziehen.}) 23. f3 Qc4 24. b3 Qc7 25. Nf4 Qe5 $6 {Es wäre
besser, die Dame auf c5 zu platzieren, um die c-Linie dauerhaft unter
Kontrolle zu haben.} (25... Qc5 $5 26. Kf2 h5) 26. h3 Qa1+ 27. Kf2 Qb1 $6 {
Hier kann die schwarze Dame nichts angreifen, dafür wird Weiß bald die c-Linie
übernehmen.} (27... Qe5 $14) 28. Ne2 h5 29. h4 Qh1 30. Kg3 Qb1 31. Nd4 $1 Nd7
32. Qc3 $1 Nf8 $2 {Der Springer wird hier passiv.} (32... Qxa2 $4 33. Nf5 Nf6
34. Qc8+ Kh7 35. Qf8 $18) (32... Kh7 $1 33. a4 Ne5 $14) 33. Kh2 g6 34. a4 $16 {
Weiß kann nun die gegnerischen Bauern b7 und d5 angreifen, ohne dabei seine
Schwächen e3 und h4 aus den Augen zu verlieren.} Qa2 35. Kg3 Qa3 36. Qc7 Qa1
37. Qe7 Qe1+ $2 {Dieses Schach kommt Weiß sehr gelegen, aber die schwarze
Stellung war ohnehin kritisch.} (37... Ne6 $1 38. Qe8+ (38. Nxe6 Qe5+ $11)
38... Kg7 39. Nxe6+ fxe6 40. Qe7+ Kh6 41. Kf4 $16) 38. Kf4 $1 Qd2 $2 39. Kg5
$18 Qxg2+ (39... Kg7 40. Qf6+ Kg8 41. Kh6 Qxe3+ 42. f4 $18) 40. Kh6 Qb2 41. f4
1-0

[Event "Bundesliga 0506"]
[Site "Germany"]
[Date "2005.12.10"]
[Round "5.1"]
[White "Gyimesi, Zoltan"]
[Black "Jussupow, Artur"]
[Result "1/2-1/2"]
[WhiteElo "2624"]
[BlackElo "2595"]
[Annotator "Dautov,R"]
[PlyCount "80"]
[EventDate "2005.10.21"]
[EventType "team-tourn"]
[EventRounds "15"]
[EventCountry "GER"]
[SourceTitle "CBM 111"]
[Source "ChessBase"]
[SourceDate "2006.04.04"]
[SourceVersion "1"]
[SourceVersionDate "2006.04.04"]
[SourceQuality "1"]
[WhiteTeam "Eppingen"]
[BlackTeam "Solingen"]
[WhiteTeamCountry "GER"]
[BlackTeamCountry "GER"]

1. d4 Nf6 2. c4 e6 3. Nf3 d5 4. Nc3 Be7 5. Bf4 O-O 6. e3 c5 7. dxc5 Bxc5 8.
cxd5 Nxd5 9. Nxd5 exd5 10. a3 Nc6 11. Bd3 Bb6 12. O-O d4 13. e4 Bg4 14. h3 Bh5
(14... Qf6 15. Bh2 (15. hxg4 $1 Qxf4 16. Nh2 $14) 15... Bxf3 16. Qxf3 Qxf3 17.
gxf3 Na5 18. Rac1 Rac8 19. Bd6 Nb3 20. Rcd1 Rfd8 21. e5 Nc5 22. Bf5 Ne6 23. Rc1
g6 24. Bxe6 (24. Be4 Nf4 25. Kh2 d3 $1) 24... fxe6 25. Rfd1 Rxc1 $1 26. Rxc1 d3
$11 {Yermolinsky,A (2571)-Onischuk,A (2667)/Reno 2001}) 15. Rc1 (15. g4 Bg6 16.
Nd2 {ist hier die Hauptfortsetzung.}) 15... Rc8 16. Re1 {Gyimesi spielt diese
Vorbereitungszüge nicht zum ersten Mal, aber sie scheinen etwas langsam zu
sein.} Qf6 $5 {Auf diese Weise wickelt Artur in ein bekanntes Endspiel ab, daß
etwa ausgeglichen ist. Die andere logische Fortsetzung ist 16...Re8.} (16...
Re8 17. Bh2 $6 (17. g4 $1) 17... Bc7 18. Bxc7 Rxc7 19. Bb5 Bxf3 20. Qxf3 a6 $1
21. Bxc6 Rxc6 22. Qd3 Qb6 $11 {Gyimesi,Z (2564)-Doettling,F (2509)/Tel Aviv
2001}) (16... Bc7 $2 17. e5 Bg6 18. Bxg6 hxg6 19. Qb3 Bb6 20. e6 $16 {Ribli,Z 
(2603)-Baramidze,D (2550)/Austria 2005}) 17. Bh2 Bxf3 18. Qxf3 Qxf3 19. gxf3
Na5 20. Bd6 Nb3 21. Rcd1 Rfd8 22. e5 {Die entstandene Stellung ist mehr oder
weniger bekannt.} Nc5 $1 {Artur folgt der o.g. Partie von Onischuk, allerdings
stand der weiße Turm in dieser Partie noch auf f1.} ({Weniger uberzeugend ist} 
22... Ba5 23. Bb4 Bxb4 24. axb4 g6 25. f4 a5 26. bxa5 Nxa5 27. Kg2 Rc6 28. f5
Nc4 29. Re2 gxf5 30. Bxf5 $14 {Dreev,A (2680)-Beliavsky,A (2640)/Essen 2000})
23. Bf5 Ne6 24. b4 $5 {Der weiße König ist einen Schritt näher zum Zentrum,
aber der Anziehende kann daraus kein Kapital schlagen.} (24. Kf1 g6 25. Bxe6 (
25. Be4 Bc7 $1 $11) 25... fxe6 26. Rc1 d3 27. Red1 Rxc1 28. Rxc1 Bd4 29. b3 g5
$11) (24. Rc1 Rxc1 $5 (24... g6) 25. Rxc1 Nf4 26. Kf1 d3 27. Ke1 g6 28. Be4 f6
$11) 24... Rc3 25. a4 Bc7 ({Energischer war} 25... Ng5 $1 26. Be4 Nxe4 27. Rxe4
a6 $11) 26. Bxe6 fxe6 27. Rxd4 Rxf3 28. Kg2 Rf7 29. Rc1 (29. f4 $1 Bb6 30. Rc4
a5 31. Rb1 h6 32. Kf3 $14) 29... Bb6 30. Rd2 a5 31. bxa5 Bxa5 {Nach den
erfolgten Abtauschaktionen ist die Stellung ungefähr ausgeglichen. Weiß hat
zwar einen schöneren Läufer, aber es reicht nicht zu einem greifbaren Vorteil.}
32. Rb2 h5 33. Rc5 Ra8 34. Kg3 (34. Rcb5 Bc3 35. Rc2 (35. R2b3 Be1) 35... Ba5
36. Rbc5 Kh7 $11) 34... Kh7 $11 35. Rc4 g5 36. Re2 Kg6 37. Rb2 Rd8 38. Rc5 Ra8
39. Rc4 Rd8 40. Rc5 Ra8 1/2-1/2

[Event "Poikovsky Karpov 02nd"]
[Site "Poikovsky"]
[Date "2001.05.02"]
[Round "2"]
[White "Zvjaginsev, Vadim"]
[Black "Bologan, Viktor"]
[Result "1-0"]
[WhiteElo "2627"]
[BlackElo "2676"]
[Annotator "Dautov,R"]
[PlyCount "65"]
[EventDate "2001.05.05"]
[EventType "tourn"]
[EventRounds "9"]
[EventCountry "RUS"]
[EventCategory "15"]
[SourceTitle "CBM 084"]
[Source "ChessBase"]
[SourceDate "2001.09.13"]
[SourceVersion "1"]
[SourceVersionDate "2001.09.13"]
[SourceQuality "1"]

1. d4 Nf6 2. c4 e6 3. Nf3 d5 4. Nc3 Be7 5. Bf4 O-O 6. e3 c5 7. dxc5 Bxc5 8.
cxd5 Nxd5 9. Nxd5 exd5 10. a3 Nc6 11. Bd3 Bb6 12. O-O d4 13. e4 Bg4 14. h3 Qf6
$6 {Die Ergebnisse der letzten Partien sprechen eine klare Sprache - auf diese
Weise erreicht Schwarz keinen Ausgleich.} ({Besser ist} 14... Bh5 15. g4 Bg6)
15. hxg4 Qxf4 16. Nh2 $1 {Dieser starke Zug bereitet Schwarz Schwierigkeiten.
Die Blockadestrategie des Weißen ist einfach, aber sehr effektiv: seine Läufer
und Dame blockieren den Bauern d4, der f-Bauer auf f4 verhindert die
Aktivierung des schwarzen Läufers, und das Einbruchsfeld c2 wird von dem Rf2
kontrolliert.} Rac8 $146 {Eine Neuerung, aber keine Verbesserung.} ({
Natürlicher sieht} 16... Ne5 17. g3 Qf6 {aus:} 18. f4 Nxd3 19. Qxd3 Rac8 20.
Rf2 Rfe8 21. Rd1 Qe6 22. Re2 f6 23. Kg2 $14 {Van Wely,L-Doettling,F/Germany
2000}) 17. g3 Qb8 18. g5 $5 (18. f4 $14) 18... Ne5 19. Kg2 Rfd8 20. f4 Nc4 21.
Bxc4 Rxc4 22. Qd3 Qc8 23. Nf3 $14 {Die weißen Figuren bewegen sich langsam,
aber unaufhaltsam nach vorne. Der gegnerische Läufer ist sehr passiv, und die
schwarze Kontrolle über die c-Linie spielt kaum eine Rolle. Man merke, wie
wichtig für die Blockade die Position des weißen Bauern auf b2 ist.} Rc2+ 24.
Rf2 Rxf2+ 25. Kxf2 Qh3 $1 ({Der taktische Trick} 25... Qc2+ $2 26. Qxc2 d3+ {
führte lediglich zum Verlust des schwarzen Freibauern:} 27. Kg2 dxc2 28. Rc1
Rc8 29. Ne1 Bd4 30. b3 $16) 26. Rc1 h6 $2 {Schwarz beginnt, an seinem
Untergang zu basteln.} ({Wesentlich stärker war} 26... Rc8 27. Rxc8+ Qxc8 28.
Kg2 Qc1 {, und Schwarz bekommt Gegenspiel:} 29. Qb3 $1 (29. b4 Qc3 $132) 29...
d3 30. Qxd3 Qxb2+ 31. Kh3 $14) 27. gxh6 Qxh6 28. Kg2 $1 Qg6 29. Ne5 Qe6 30. Kf3
f6 $2 {Eine derart krasse Schwächung der weißen Felder verträgt die schwarze
Stellung nicht mehr.} (30... Rc8 $142 31. Rxc8+ Qxc8 32. Qc4 Qe8 33. Qd5 $16)
31. Ng6 Qh3 32. f5 $18 Qh5+ $2 (32... Qh2 33. Nf4 $18) 33. Kg2 1-0

[Event "EU-ch 2nd"]
[Site "Ohrid"]
[Date "2001.06.14"]
[Round "13"]
[White "Arlandi, Ennio"]
[Black "Dervishi, Erald"]
[Result "0-1"]
[WhiteElo "2423"]
[BlackElo "2491"]
[Annotator "Dautov,R"]
[PlyCount "80"]
[EventDate "2001.06.01"]
[EventType "swiss"]
[EventRounds "13"]
[EventCountry "YUG"]
[SourceTitle "CBM 084"]
[Source "ChessBase"]
[SourceDate "2001.09.13"]
[SourceVersion "1"]
[SourceVersionDate "2001.09.13"]
[SourceQuality "1"]

1. d4 d5 2. c4 e6 3. Nc3 Be7 4. Nf3 Nf6 5. Bf4 O-O 6. e3 c5 7. dxc5 Bxc5 8.
cxd5 Nxd5 9. Nxd5 exd5 10. a3 Nc6 11. Bd3 Be7 12. O-O Bf6 13. Rc1 {Diese
Entwicklungsmethode ist für Schwarz ungefährlich.} ({Die beste Fortsetzung für
Weiß in diesem Abspiel ist} 13. Qb3 $1 {[%cal Rb3b7,Rb3d5] Hier steht die Dame
am besten. Der Druck gegen b7 und d5 behindert die natürliche Entwicklung von
Schwarz (Be6,Qe7).} g6 (13... Qb6 $6 14. Qxd5 $1 Rd8 15. Qe4 g6 16. Bg5 $1 Qxb2
17. Bc4 Kg7 18. Qh4 h5 19. Bxf7 $1 $16 {Kramnik,V-Short,N/Wijk aan Zee 2000}) (
13... Qe7 $6 14. Qxd5 Rd8 15. Qb3 Be6 16. Qc2 g6 {Gomez Esteban,J-Lopez
Martinez,J/Elgoibar 2000} 17. Rad1 Rac8 18. Qb1 $16) 14. Rac1 a6 15. Rfd1 Qe7
16. h3 Be6 17. Qb6 $1 {[%csl Rb6] ><b6} Rfd8 18. Bc2 Rac8 19. Ba4 $14 {
Schlosser,P-Chiburdanidze,M/Lippstadt 2000}) 13... a6 (13... Be6 14. b4 a6 15.
h3 Rc8 $6 (15... Qe7 $1) 16. Rc5 Be7 17. Rc2 Bf6 18. Qb1 g6 19. Rfc1 Qe7 20.
Rc5 Ra8 21. Qc2 Rfc8 22. Qd2 Qd8 23. Bb1 Be7 24. R5c3 Bf6 $11 {Ortega,
L-Timoscenko,G/Padova 1999}) 14. b4 Qe7 15. h3 Be6 {Schwarz entwickelt sich
harmonisch, vor allem seine Läufer stehen sehr gut.} 16. Re1 g6 $2 {Genauer
war sofort 16...Rfc8.} (16... Rfc8 $1) 17. Re2 ({Weiß verpaßt eine günstige
Möglichkeit, das Zentrum zu öffnen:} 17. e4 $1 dxe4 ({Oder} 17... Rfd8 18. e5
Bg7 19. Bg5 f6 20. exf6 Bxf6 21. Qd2 $14) 18. Bxe4 {(Es droht Bd6)} Rfd8 (18...
Rfc8 19. Bxc6 Rxc6 20. Rxc6 bxc6 21. Nd4 Bxd4 22. Qxd4 $16) 19. Qa4 $14 a5 $2
20. b5 Nd4 21. Rc7 Qe8 (21... Rd7 22. Bxb7 $18) 22. Bxb7 Nxf3+ 23. Bxf3 Rd4 24.
Qc2 $18) 17... Rfc8 18. Bb1 $6 ({Besser war} 18. Rec2 Qd8 $11) 18... Na7 $1 {
[%csl Ra3][%cal Ra7b5]} 19. Rxc8+ Rxc8 20. Rc2 Rxc2 21. Qxc2 $6 {Nach dieser
zweiten Ungenauigkeit übernimmt Schwarz endgültig die Initiative. Richtig war
21.Bxc2.} (21. Bxc2 Nb5 22. Qc1 $11 {/\Bd3}) 21... Bf5 22. Qc1 Bxb1 23. Qxb1
Nb5 $15 24. Qc2 $6 (24. Qb3 Qe6 25. a4 Nc3 $15) 24... Nxa3 25. Qd3 Nb5 $6 {
Schwarz geht auf Nummer sicher und verschmäht den Bauern b4.} (25... Qxb4 $1
26. Qxd5 Nc4 27. Ng5 Bxg5 28. Bxg5 h5 $17) 26. Qxd5 Nc3 27. Qc4 Qe6 $15 28. Qc7
(28. Qxe6 fxe6 29. Be5 Kg7 $15) 28... Ne2+ 29. Kh2 Nxf4 30. Qxf4 Kg7 31. g3 Qf5
$1 $17 32. Qxf5 gxf5 33. Ne1 Be7 34. Nd3 Kf6 35. Kg2 Ke6 36. Kf3 Kd5 37. Kf4
Kc4 38. Ne5+ Kxb4 39. Nxf7 a5 40. Kxf5 a4 0-1

[Event "FIDE-Wch k.o."]
[Site "Tripoli"]
[Date "2004.06.20"]
[Round "1.2"]
[White "Beliavsky, Alexander G"]
[Black "Barsov, Alexei"]
[Result "1/2-1/2"]
[WhiteElo "2667"]
[BlackElo "2507"]
[Annotator "Dautov,R"]
[PlyCount "49"]
[EventDate "2004.06.19"]
[EventType "k.o."]
[EventRounds "7"]
[EventCountry "LBY"]
[SourceTitle "CBM 102"]
[Source "ChessBase"]
[SourceDate "2004.09.23"]
[SourceVersion "1"]
[SourceVersionDate "2004.09.23"]
[SourceQuality "1"]

1. d4 d5 2. c4 e6 3. Nf3 Nf6 4. Nc3 Be7 5. Bf4 O-O 6. e3 c5 7. dxc5 Bxc5 8. a3
Nc6 9. Rc1 a6 10. cxd5 {Das sonst so beliebte 10.b4 erlebt nach der Partie
Nielsen-Kasparov eine kleine Krise.} (10. b4 Bd6 11. Bg5 a5 12. b5 Ne7 $1 13.
Bxf6 gxf6 14. a4 Bb4 $1 15. Be2 dxc4 16. O-O Nd5 17. Na2 Nb6 18. Qc2 e5 19.
Nxb4 axb4 20. Bxc4 Nxc4 21. Qxc4 Rxa4 22. Rfd1 Qb6 $15 {Nielsen,P-Kasparov,G/
Reykjavik rapid 2004}) 10... exd5 11. Bd3 (11. Nxd5 Nxd5 12. Rxc5 Nxf4 13. Qxd8
(13. exf4 $2 Qe7+) 13... Nxd8 14. exf4 Ne6 15. Rc4 b5 16. Rb4 Re8 $44) (11. Bg5
$6 d4 $1 12. Nb5 $2 dxe3 13. Qxd8 exf2+ 14. Ke2 Rxd8 $19 {Dreev,A-Short,N/
Linares 1995}) 11... Ba7 (11... d4 $2 12. Ne2 $16 {kostet Schwarz einen Bauern.
}) 12. Ne2 $146 {Diese Neuerung bringt Schwarz nicht in Verlegenheit.} (12. O-O
d4 13. exd4 Nxd4 14. Nxd4 Qxd4 15. Be3 Qh4 16. Bxa7 Rxa7 17. Qa4 Qxa4 18. Nxa4
Be6 $1 19. Be2 Re8 20. Rfe1 Kf8 $11 {Ivanchuk,V-Kramnik,V/Linares 1999}) 12...
Bg4 13. Qb3 (13. O-O Bxf3 14. gxf3 Bb8 15. Bg3 Qb6 $11) 13... Qa5+ $1 {[%mdl 4]
Gut gespielt! Barsov hat gemerkt, dass er nicht zu früh auf f3 tauschen soll,
was dem weißen König den Weg auf g2 ermöglicht.} (13... Bxf3 14. gxf3 Qa5+ 15.
Kf1 Qb6 (15... Bb8 16. Bg5 $1 $16) 16. Qxb6 Bxb6 17. Ng3 $14) 14. Kf1 (14. Nd2
d4 $1 15. Qxb7 (15. e4 Bxe2 16. Kxe2 Bb8 $11) 15... dxe3 16. fxe3 Ne5 $40) (14.
Qc3 Qxc3+ 15. Rxc3 Bxf3 16. gxf3 d4 $11) 14... Bb8 $1 15. h3 {Recht riskant
war die Einnahme des geopferten Bauern, Beliavsky spielt lieber auf Nummer
sicher.} (15. Qxb7 Bxf4 16. Rxc6 (16. Nxf4 Rfb8 17. Qxc6 Rc8 18. Qxc8+ Rxc8 19.
Rxc8+ Bxc8 $15) 16... Rfb8 17. Qe7 Bh6 $44) (15. Bg5 {Dieser Zug war stark
beim eingeschalteten Abtausch auf f3 (siehe 13...Bxf3), hier hat Schwarz eine
gute Erwiderung.} Ne4 $1 16. Qxb7 Ne5 $36) 15... Bxf3 16. gxf3 Bxf4 17. Nxf4
Ne5 18. Kg2 d4 $1 19. exd4 Ng6 {Auf diese Weise erzwingt Schwarz Remis. Mit 19.
..Nxd3 könnte er sogar nach mehr streben.} (19... Nxd3 $5 20. Nxd3 Qg5+ 21. Kh2
Rad8 22. Rhg1 Qf5 $44) 20. Nxg6 Qg5+ 21. Kh2 hxg6 22. Rhg1 (22. Rhd1 Qf4+ 23.
Kg2 Qg5+ 24. Kh2 (24. Kf1 Qh4 $40) (24. Kh1 Qh4 25. Kg2 Nh5 $40) 24... Qf4+ $11
) 22... Qf4+ 23. Kg2 Qg5+ 24. Kh1 Qh6 $1 (24... Qh4 $6 25. Rg3 Qxd4 26. Bxg6
$14) 25. Kg2 1/2-1/2